| 000 | 00648nam a2200205 a 4500 | ||
|---|---|---|---|
| 001 | 685 | ||
| 003 | CDMR | ||
| 005 | 20131121103602.0 | ||
| 008 | 130130s1983||||||||||||||||||||||||||||d | ||
| 040 |
_aCDMR _bcat _cCDMR |
||
| 100 | 1 |
_9526 _aBeaussenat Palmer, Michael |
|
| 245 | 1 | 4 |
_aDes petits journaux aux grandes agences _b: naissance du journalisme moderne 1863-1914 _cMichael Beaussenat Palmer |
| 260 |
_aParis _c1983 _bAubier Montaigne |
||
| 300 | _a347 p. | ||
| 490 | 0 | _aCollection Historique Aubier | |
| 650 | 0 | 4 |
_91130 _aPremsa _xHistòria |
| 650 | 0 | 4 |
_93752 _aPremsa _zFrança |
| 650 | 0 | 4 |
_94311 _aEmpreses periodístiques _vFrança |
| 942 |
_cMON _2udc |
||
| 999 |
_c685 _d685 |
||